Normal view
MARC view
- Dhavan, B P
Entry Personal Name
001 - CONTROL NUMBER
- control field: 5836
003 - CONTROL NUMBER IDENTIFIER
- control field: OSt
005 - DATE AND TIME OF LATEST TRANSACTION
- control field: 20240213144342.0
008 - FIXED-LENGTH DATA ELEMENTS
- fixed length control field: 240213|| aca||aabn | a|a d
040 ## - CATALOGING SOURCE
- Original cataloging agency: OSt
- Transcribing agency: OSt
100 ## - HEADING--PERSONAL NAME
- Personal name: Dhavan, B P
670 ## - SOURCE DATA FOUND
- Source citation: Work cat.: (OSt)10989: Dhavan, B P., Technological change in Indian irrigated agriculture:A study of water saving methods / , 2001.
